000 00669cab a2200241 4500
001 WB2947-03
008 090401t1993 xxu||||| |||| 00| 0 eng d
035 _a(Sirsi) u5277
041 _aeng
245 _aOutput and employment: third quarter 1993
260 _c1993
350 _a0
490 _aDOE Information Bulletin
_v(844) 10 December 1993, (11)
520 _aTotal output for 3Q 1993 was unchanged compared with 2Q 1993 but is 2% lower than 3Q 1992.
650 _aCONSTRUCTION MARKET
650 _aEMPLOYMENT
650 _aOUTPUT
650 _aREPAIRS
650 _aSTATISTICS
690 _aBUILT ENVIRONMENT
942 _n0
948 _c04/03/1997
999 _c3144
_d3144